Guía práctica del trabajador en construcción civil del Perú : (Record no. 9089)

000 -CABECERA
fixed length control field 01141nam a22002177a 4500
003 - IDENTIFICADOR DEL NÚMERO DE CONTROL
control field AR-CdUCM
008 - DATOS DE LONGITUD FIJA--INFORMACIÓN GENERAL
fixed length control field 190327b ||||| |||| 00| 0 spa d
040 ## - FUENTE DE LA CATALOGACIÓN
Agencia/entidad que catalogó originalmente la obra MUNICIPALIDAD PROVINCIAL DEL CUSCO
Entidad que transcribió la catalogación BIBLIOTECA MUNICIPAL DEL CUSCO
082 ## - NÚMERO DE LA CLASIFICACIÓN DECIMAL DEWEY
No. de Clasificación 331.2985 /
Notacion interna P19
100 ## - ENTRADA PRINCIPAL--NOMBRE DE PERSONA
Nombre Personal Palma Martínez, Jorge
245 ## - MENCIÓN DE TÍTULO
Título Guía práctica del trabajador en construcción civil del Perú :
Resto del título nuevos sueldos y salarios mensual: s/. 8,000 - diario: s/. 267.00 Decreto Supremo N° 15-80-TR de 22-8-80 vigente desde el 1º de setiembre de 1980 /
260 ## - PUBLICACIÓN, DISTRIBUCIÓN, ETC.
Lugar de publicación, distribución, etc. Lima :
Nombre de la editorial, distribuidor, etc. Ediciones y Distribuciones Palma,
Fecha de publicación, distribución, etc. 1980.
300 ## - DESCRIPCIÓN FÍSICA
Nº de Páginas Extensión 32 páginas ;
Otros detalles físicos tablas,
Dimensiones 20 cm.
505 ## - NOTA DE CONTENIDO CON FORMATO
Nota de contenido formateada Contenido: Decreto Ley N° 21106 -- Normas legales para incorporar a los pueblos jóvenes al sistema urbano -- Decreto ley N° 22612 -- Resuelven reclamación colectiva de trabajadores en construcción civil concediendo aumento para operario, peón -- Sueldos y salarios ...
650 ## - PUNTO DE ACCESO ADICIONAL DE MATERIA--TÉRMINO DE MATERIA
Descriptor Trabajadores de la construcción
9 (RLIN) 25084
650 ## - PUNTO DE ACCESO ADICIONAL DE MATERIA--TÉRMINO DE MATERIA
Descriptor Sueldos y Salarios
9 (RLIN) 6504
650 ## - PUNTO DE ACCESO ADICIONAL DE MATERIA--TÉRMINO DE MATERIA
Descriptor Perú.
9 (RLIN) 35
650 ## - PUNTO DE ACCESO ADICIONAL DE MATERIA--TÉRMINO DE MATERIA
Descriptor Construcción civil
9 (RLIN) 19570
942 ## - ELEMENTOS DE PUNTO DE ACCESO ADICIONAL (KOHA)
Fuente de clasificación
Tipo de item Libros-BMC
945 ## - PROCESAMIENTO DE INFORMACIÓN LOCAL (OCLC)
Catalogador achl
Holdings
Estado de retiro (separado) Fuente de clasificación o esquema de estanterías Estado dañado Ubicación Sala donde se ubica Nombre de la colección Fecha de adquisición o compra Costo, precio normal en soles Signatura topográfica Código de Barras Última vez visto (Koha) Tipo de ítem (Koha)
No     Sala Humanidades Sala Humanidades Book Cart 2019-03-27 42137.00 331.2985 / P19 / 1980 SH0000010018 2019-03-27 Libros-BMC

Powered by Koha